| 000 | 00949nam a22002897a 4500 | ||
|---|---|---|---|
| 001 | BR8703185 | ||
| 003 | BR-BrBNA | ||
| 005 | 20230928092559.0 | ||
| 007 | ta | ||
| 008 | 230509b bl.||||| |||| 00| 0 por d | ||
| 040 |
_aBR-BrBNA _bpor _cBiblioteca Nacional de Agricultura |
||
| 041 | _a(Por) | ||
| 072 |
_aE14 _b/G514 |
||
| 090 | _ E14 BR8703185 | ||
| 100 | 1 | _aTrubbiano, T.C.L. | |
| 100 | 1 | _aMartins, V.L.A.B. | |
| 100 | 1 | _aMagalhaes, R.T. de | |
| 110 | 1 |
_aInstituto Nacional de Colonizacao e Reforma Agraria, Belo Horizonte, MG (Brasil). Coordenadoria Regional de Minas Gerais _96406 |
|
| 245 | 1 | _aProjeto Integrado de Colonizacao de Sagarana [Minas Gerais] | |
| 260 | 3 |
_aBelo Horizonte, MG (Brasil): _c1974. |
|
| 300 | _a231 p. | ||
| 500 | _a(*) Documento disponível no(a) INCRA, Belo Horizonte, MG (Brazil) | ||
| 650 | _aDESENVOLVIMENTO RURAL | ||
| 650 | _aMINAS GERAIS | ||
| 909 |
_a202309 _bLucia _c55 _dLucia Elande |
||
| 942 | _cBK | ||
| 999 |
_c39950 _d39950 |
||